Liste des Etats internationalement reconnus en 1920 - Statistiques

Statistiques générales
  • Ce quiz a été pris 275 fois
  • Le résultat moyen est 45 sur 67
Statistiques - réponses
Hint Réponse % Correct
26 France
99%
56 Royaume-Uni
92%
13 Chine
91%
5 Allemagne
90%
23 États-Unis
90%
6 Autriche
89%
21 Espagne
89%
8 Belgique
88%
10 Brésil
88%
35 Japon
88%
45 Norvège
88%
52 Portugal
88%
60 Suède
88%
3 Argentine
86%
33 Italie
86%
25 Finlande
85%
51 Pologne
85%
61 Suisse
82%
63 Turquie
82%
28 Grèce
81%
32 Hongrie
81%
48 Pays-Bas
80%
12 Chili
78%
17 Danemark
78%
2 Andorre
77%
14 Colombie
77%
54 Roumanie
77%
66 Venezuela
76%
11 Bulgarie
75%
47 Paraguay
74%
9 Bolivie
73%
40 Luxembourg
73%
49 Pérou
73%
65 Uruguay
73%
34 Islande
72%
41 Monaco
70%
16 Cuba
69%
42 Mongolie
69%
46 Panama
67%
1 Albanie
66%
62 Tchécoslovaquie
66%
15 Costa Rica
65%
31 Honduras
65%
64 Ukraine
65%
22 Estonie
64%
29 Guatemala
62%
36 Lettonie
62%
39 Lituanie
62%
44 Nicaragua
62%
57 Saint-Marin
61%
38 Liechtenstein
58%
24 Éthiopie
55%
30 Haïti
55%
4 Arménie
52%
58 Salvador
52%
43 Népal
47%
53 République dominicaine
46%
27 Géorgie
41%
37 Liberia
38%
67 Yémen
37%
50 Perse
34%
7 Azerbaïdjan
30%
59 Siam
27%
55 Royaume des Serbes, Croates et Slovènes
7%
20 Émirat de Bukhara
2%
18 Khanat de Khiva
2%
19 Khanat de Kokand
2%
Aucun quiz correspondant
Distribution des résultats
% des personnes avec chaque résultat
Percentile par nombre de réponses
Votre historique - résultats
Vous n’avez pas pris ce quiz